000 01256cam a22003377a 4500
003 CHAP
005 20220329142603.0
008 020212d2001 mx ab r 00110 spa d
010 _a85314
011 _a86286
035 _a96824
040 _cCHAP
090 _aTesis
100 0 0 _aHernández Martínez, María del Socorro.
_954305
245 1 0 _aAnálisis de los factores productivos del cultivo de la cebada en Calpulalpan, Tlaxcala
_c/por María del Socorro Hernández Martínez
260 _aChapingo, Méx. :
_bEl autor,
_c2001.
300 _a86 h. :
_bilus. ; gráfs. ; mapa ; cuadros
502 _aTesis (Lic. en Economía Agrícola) -- UACH. División de Ciencias Económico-Administrativas
590 _aALEPH
_b10
_c20130110
_lUCH01
_h1446
590 _aBATCH-UPD
_b10
_c20130110
_lUCH01
_h1855
590 _aBATCH-UPD
_b10
_c20130410
_lUCH01
_h1224
590 _aBATCH-UPD
_b10
_c20130914
_lUCH01
_h0904
590 _aCONVERSION
_b10
_c20130109
_lUCH01
_h1347
650 1 4 _aCebada
_xRendimiento.
_920707
650 1 4 _aCebada
_xTlaxcala.
_920712
901 _aBK
905 _aMayto Villalobos S.
942 _cFOLL
949 _aTesis
_bBC
_cTES
_d33724000861423
_eTS2
_fc.2
_h39196
_i96824
_si
949 _aTesis
_bBC
_cTES
_d968241
_eTS1
_h39195
_i96824
_sb
999 _c85314
_d85314